000 00695cam a2200241 a 4500
001 13041568
005 20180205092359.0
008 021224s2004 nyu b 001 0 eng
010 _a 2002041725
020 _a076684255X
040 _aDLC
_cDLC
_dDLC
041 _aeng
043 _an-us---
080 _a174.309
082 0 0 _a174.309 KAU
_221
100 1 _a24
101 _aFIL
245 1 0 _aLegal ethics /
_cKent D. Kauffman.
504 _aIncludes bibliographical references and index.
906 _a7
_bcbc
_corignew
_d1
_eocip
_f20
_gy-gencatlg
942 _2ddc
_cBK
999 _c41827
_d41827